000 00711nam a2200217Ii 4500
003 JO-AjNU
008 230605s9999||||xx |||||||||||||| ||und||
017 _a14410
020 _a978-977-422-201-6
040 _aJO-AjNU
_bara
_erda
_cJO-AjNU
041 _aara
050 1 4 _aHD58.7.A356.2011
100 3 _aماهر، احمد,
_eauthor
_944233
245 0 0 _aالسلوك التنظيمي :مدخل بناء المهارات
264 3 1 _aالاسكندرية:الدار الجامعية،2011
300 _a463ص
336 _atext
_btxt
_2rdacontent
337 _aunmediated
_bn
_2rdamedia
338 _avolume
_bnc
_2rdacarrier
650 4 _aادارة الاعمال-التنظيم الاداري
_944234
999 _aA19083
_c22651
_d22651